01940nam a2200337 i 4500003000900000005001700009007000300026008004100029020001800070040003000088082002300118100005100141245007900192264005100271300006000322336002700382337003400409338002800443500007000471520044400541590002700985650002401012650002601036700003601062910004701098942001401145952013801159952014401297952014401441999001701585DO-SdBNP20240710140423.0ta240627s2024 dr o 000 j spa d a9789945938654 aDO-SdBNPbspacBNPHUerda 4aRD861.5bC146s2221 aCalderón Soto, Eusebiod1974-eautor 98587910aSuspiros de un poeta /cEusebio Calderón Soto ; editor, Rodolfo Báez. 1aSanto Domingo :b‎El Gato Edicionesc©2024. a130 páginas :bilustraciones, fotografías ;c19 cm. 2rdacontentatextobtxt 2rdamediaasin mediación bn 2rdacarrieravolumenbnc aIncluye datos biográficos del autor en la solapa de la cubierta aSuspiros de un poeta nos invita a explorar la sublime conexión entre la naturaleza y la esencia humana. En estas páginas, el autor nos sumerge en un viaje poético donde la lectura y la escritura actúan como puentes hacia la belleza intrínseca de la vida. A través de sus suspiros, el poeta revela paisajes emocionales que despiertan la imaginación y nos invitan a contemplar la grandiosidad y la fragilidad de nuestro mundo.  aInventariado, 2024/ YL 4aPoesía dominicana 4aLiteratura dominicana1 aBáez, Rodolfo,eeditor945445 aYLockward/Validado. Control de calidad MFF 2ddccLBS1 00102ddc51708PDaBNPHUbBNPHUcHDd2024-05-08eDeposito Legall0oBNPHU PD RD861.5 C146sp2024-3803r2024-06-27w2024-06-27yLBS1 00102ddc51708PDaBNPHUbBNPHUcHDd2024-05-08eDeposito Legall0oBNPHU PD RD861.5 C146sp2024-3804r2024-06-27te. 2w2024-06-27yLBS1 00102ddc56708DSaBNPHUbBNPHUcHDd2024-05-08eDeposito Legall0oBNPHU DS RD861.5 C146sp2024-3805r2024-06-27te. 3w2024-06-27yLBS1 c57039d57039